| 000 | 00729nam a2200217 a 4500 | ||
|---|---|---|---|
| 001 | 000034349 | ||
| 005 | 20250430073846.0 | ||
| 008 | 111003s1999 xxu 000 0 spa d | ||
| 020 | _a187842436x | ||
| 082 |
_a158.1 _bR934c |
||
| 100 | 1 |
_aRuíz, Miguel _d1952- _959772 |
|
| 240 | 1 | 0 |
_aThe Four agreements _lespañol |
| 245 | 1 | 4 |
_aLos cuatro acuerdos : _bun libro de sabiduría tolteca / _cMiguel Ruíz ; traductor Luz Hernández. |
| 260 |
_aCalifornia : _bAmber Allen Publicaciones, _c1999. |
||
| 300 |
_a142 p. ; _c21 cm. |
||
| 650 | 0 |
_aAutorrealización (Psicología) _9211 |
|
| 650 | 4 |
_aFilosofía tolteca _959773 |
|
| 700 | 1 | 2 |
_aHernández, Luz _etr. _959774 |
| 910 | _aValidado. Control de calidad MFF | ||
| 999 |
_c33840 _d33840 |
||
| 040 | _aDO-SdBNP | ||